| 000 | 00344nam a22001457a 4500 | ||
|---|---|---|---|
| 003 | SGT | ||
| 082 |
_a617.643 _bS21J |
||
| 100 | _aJose, Floret | ||
| 245 | _aStudy of Prevalence and distribution.... | ||
| 260 |
_aGurugram, Haryana _bSGT University _c2021 |
||
| 300 | _a90 | ||
| 650 | _aOrthodontics | ||
| 653 | _aOrthodontics | ||
| 942 |
_2ddc _cTH |
||
| 999 |
_c23582 _d23582 |
||